000 05880cam a22019454i 4500
003 PE-LiUPU
005 20250813165413.0
008 131112s2013 sp a rb 000 0 spa d
020 _a8492970553
020 _a9788492970551
035 _a(Sirsi) i9788492970551
040 _aBNM
_bspa
_erdc
_cBNM
_dESEHU
_dPE-LiUPU
_erda
049 _aPRUA
082 0 4 _a624.07
_bL86
_220
082 0 4 _a624.101
_bL87
_220
100 1 _aLópez Aenlle, Manuel,
_eautor.
245 1 0 _aApuntes de teoría de estructuras /
_cManuel López Aenlle, Marián García Prieto.
250 _aPrimera edición.
264 1 _aMadrid :
_bBellisco,
_c2013.
300 _axi, 517 páginas :
_bilustraciones ;
_c24 centímetros.
336 _atext
_2rdacontent
337 _aunmediated
_2rdamedia
338 _avolume
_2rdacarrier
490 0 _aBiblioteca técnica universitaria. Sección Estructuras
_v17
504 _aBibliografía : páginas 507-508.
505 0 _aIntroducción -- Diseño y cálculo de estructuras -- Estructuras de barras -- Principios de los trabajos virtuales -- PTV en estructuras planas de barras -- Estructuras de nudos articulados -- Diseño de estructuras de nudos articulados -- Cálculo de celosías planas -- Estructuras de nudos rígidos -- Introducción a las estructuras de nudos rígidos -- MAG en estructuras indesplazables -- MAG para estructuras desplazables -- Estudio del efecto de la rigidez en las estructuras.
526 _aP203
526 _aP200
526 _aSEG65
526 _aSEG64
526 _aSEG63
526 _aSEG62
526 _aSEG61
526 _aSEG60
526 _aSEG59
526 _aSEG58
526 _aSEG57
526 _aSEG56
526 _aSEG55
526 _aSEG54
526 _aSEG53
526 _aSEG52
526 _aSEG51
526 _aSEG50
526 _aSEG49
526 _aSEG48
526 _aSEG47
526 _aSEG46
526 _aSEG24
526 _aSEG23
526 _aSEG22
526 _aSEG21
526 _aSEG20
526 _aSEG19
526 _aSEG18
526 _aSEG17
526 _aSEG16
526 _aSEG14
526 _aSEG13
526 _aSEG12
526 _aSEG11
526 _aSEG10
526 _aSEG09
526 _aSEG06
526 _aSEG05
526 _aSEG04
526 _aSEG03
526 _aSEG02
526 _aSEG68
526 _aSEG66
526 _aSEG45
526 _aSEG25
526 _aSEG01
526 _aP163
526 _aP162
526 _aP161
526 _aP160
526 _aP159
526 _aP158
526 _aP157
526 _aP156
526 _aP155
526 _aP154
526 _aP153
526 _aP152
526 _aP151
526 _aP150
526 _aP149
526 _aP142
526 _aP141
526 _aP140
526 _aP139
526 _aP138
526 _aP137
526 _aP132
526 _aP131
526 _aP130
526 _aP126
526 _aP125
526 _aP124
526 _aP123
526 _aP115
526 _aP122
526 _aP121
526 _aP116
526 _a P114
526 _aP112
526 _aP111
526 _aP104
526 _aP103
526 _aP102
526 _aP101
526 _aP100
526 _aP96
526 _aP95
526 _aP93
526 _aP92
526 _aP91
526 _aP88
526 _aP83
526 _aP82
526 _aP79
526 _aP78
526 _aP75
526 _aP74
526 _aP71
526 _aP69
526 _a P51
526 _aP49
526 _aP48
526 _aP47
526 _aP33
526 _aP31
526 _a P30
526 _aP29
526 _aP27
526 _aP26
526 _aP25
526 _aP24
526 _a P22
526 _aP10
526 _aP09
526 _a P08
526 _aP06
526 _aP05
526 _aP04
526 _aP01
541 _g001-003716;
650 1 7 _aBarras (Ingeniería)
_xDiseño y construcción
_2embne
700 1 _aGarcía Prieto, Marián,
_eautor.
910 _btqv
_cwelc
_d20170228
910 _adbm
_bjpc
_cjpc
_d20181231
942 _2ddc
_cBOOK
949 _a624.07 L86 2013
_wDEWEY
_c1
_iFJ07275
_lCCODEBUJ1
_mBUJ
_p60.70
_r0
_sY
_tBOOK
_u2017-02-28
_xINGENIERIA
_PP25
_0COMPRA
_o.STAFF. Colección General Juliaca
949 _a624.07 L86 2013
_wDEWEY
_c2
_iFJ07276
_lCCODEBUJ1
_mBUJ
_p60.70
_r0
_sY
_tBOOK
_u2017-02-28
_xINGENIERIA
_PP25
_0COMPRA
_o.STAFF. Colección General Juliaca
949 _a624.07 L86 2013
_wDEWEY
_c3
_iFJ07277
_lCCODEBUJ1
_mBUJ
_p60.70
_r0
_sY
_tBOOK
_u2017-02-28
_xINGENIERIA
_PP25
_0COMPRA
_o.STAFF. Colección General Juliaca
994 _aC0
_bPEPRU
596 _a1 3
999 _a624.07 L86 2013
_wDEWEY
_c15955
_iFJ07275
_f2022-1-26
_g4
_lCCODEBUJ1
_mBUJ
_p60.70
_r0
_sY
_tBOOK
_u2017-2-28
_xINGENIERIA
_PP25
_0COMPRA
_o.STAFF. Colección General Juliaca
_d15955
999 _a624.07 L86 2013
_wDEWEY
_c2
_iFJ07276
_f2022-1-26
_g4
_lCCODEBUJ1
_mBUJ
_p60.70
_r0
_sY
_tBOOK
_u2017-2-28
_xINGENIERIA
_PP25
_0COMPRA
_o.STAFF. Colección General Juliaca
999 _a624.07 L86 2013
_wDEWEY
_c3
_iFJ07277
_d2019-12-4
_f2022-1-26
_g4
_lCCODEBUJ1
_mBUJ
_p60.70
_q6
_r0
_sY
_tBOOK
_u2017-2-28
_xINGENIERIA
_PP25
_0COMPRA
_o.STAFF. Colección General Juliaca
999 _a624.101 L87
_wDEWEY
_c1
_i79646
_d2019-10-21
_e2019-10-17
_f2021-11-9
_g4
_lCCODEBUL1
_mBUL
_n1
_p71.18
_r0
_sY
_tBOOK
_u2018-12-31
_xINGENIERIA
_PP25
_0COMPRA
_1FCOMPR2
_o.STAFF. Colección Ingeniería y Arquitectura
999 _a624.101 L87
_wDEWEY
_c2
_i79647
_f2021-11-9
_g4
_lCCODEBUL1
_mBUL
_p71.18
_r0
_sY
_tBOOK
_u2018-12-31
_xINGENIERIA
_PP25
_0COMPRA
_1FCOMPR2
_o.STAFF. Colección Ingeniería y Arquitectura
980 _81
_gALBERTO SANCHEZ Responsable de Automatización